00532nam a2200133Ia 4500008004100000100001700041245007700058260006900135300001100204650002300215856006800238999001900306952007300325160712s9999 xx 000 0 und d aJov, Almero. cJov AlmeroaAng Paglalakbay ng Isang Kwento: Si Guacu, ang Hunk na Lumpo c2013bLikhaan: The Journal of Contemporary Philippine Literature avol. 7 xFICTION/NONFICTION uhttp://journals.upd.edu.ph/index.php/lik/issue/view/537/showToc c297277d297277 001040aCLbCLd2016-07-12l0r2016-07-12 00:00:00w2016-07-12yFEJ